000 00284nam a2200121Ia 4500
008 190216s9999||||xx |||||||||||||| ||und||
100 _aSankar Nayak
245 0 _aHindi-Baidr Kathayem
260 _bVedan Sahithya Mandir
_c2009
300 _a191 191
650 _aHindi
942 _cBK
999 _c16667
_d16667